000 00344nam a2200133Ia 4500
008 220204s9999 xx 000 0 und d
020 _a0471215414
082 _a575:631.52
_bPLA.15
245 0 _aPlant breeding reviews V.22
260 _aNew Jersey
_bJohn Wiley & Sons
_c2003
650 _aHeritability
700 _aJanick, Jules
942 _cBK
999 _c42109
_d42109